Diversity of the shola and its significance in faunal conservation : (Record no. 42527)

MARC details
000 -LEADER
fixed length control field 00851nam a22002177a 4500
005 - DATE AND TIME OF LATEST TRANSACTION
control field 20100819115645.0
010 ## - LCCN (DPL NO)
LC control number ENG-100904
020 ## - INTERNATIONAL STANDARD BOOK NUMBER
International Standard Book Number 9788182400320
Terms of availability 125.00
035 ## - SYSTEM CONTROL NUMBER
System control number EN-84437
037 ## - SOURCE OF ACQUISITION
Source of stock number/acquisition DBAD/PUB
082 ## - DEWEY DECIMAL CLASSIFICATION NUMBER
Classification number 333.72
100 ## - MAIN ENTRY--PERSONAL NAME
Personal name Sumithra, N.
245 ## - TITLE STATEMENT
Title Diversity of the shola and its significance in faunal conservation :
Remainder of title the Nilgiri context /
Statement of responsibility, etc by N.Sumithra
260 ## - PUBLICATION, DISTRIBUTION, ETC. (IMPRINT)
Place of publication, distribution, etc New Delhi
Name of publisher, distributor, etc Dhruv Publications
Date of publication, distribution, etc 2008
270 ## - ADDRESS
Address 4398/4A, 1st Floor, Ansari Road, Darya Gang
City New Delhi
Postal code 110002
300 ## - PHYSICAL DESCRIPTION
Extent 47p.:
Other physical details ill.
Dimensions 20cm (pbk)
500 ## - GENERAL NOTE
General note Includes bibliographical references
650 ## - SUBJECT ADDED ENTRY--TOPICAL TERM
Topical term or geographic name as entry element Faunal conservation
942 ## - ADDED ENTRY ELEMENTS (KOHA)
Source of classification or shelving scheme Dewey Decimal Classification
Item type English Books
Classification part 333.72
Call number suffix SUM
Holdings
Withdrawn status Lost status Not for loan Collection code Home library Current library Date acquired Source of acquisition Cost, normal purchase price Full call number Barcode Copy number Cost, replacement price Koha item type
    Not For Loan Non-fiction D.B.Act.Division D.B.Act.Division 19/08/2010 DBAD/PUB 125.00 333.72 SUM EN-84437 1 125.00 English Books

© Delhi Public Library
Hit Counter
free hit counter